[Event "SLO-chT3 West"]
[Site "Komenda"]
[Date "2019.12.08"]
[Round "5.3"]
[White "Sotirov, Pavle"]
[Black "Beber, Anja"]
[Result "1-0"]
[WhiteElo "1738"]
[BlackElo "1195"]
[PlyCount "127"]
[EventDate "2019.12.06"]
[EventType "team-swiss"]
[EventRounds "5"]
[EventCountry "SLO"]
[SourceTitle "EXT 2024"]
[Source "ChessBase"]
[SourceDate "2023.10.10"]
[SourceVersion "1"]
[SourceVersionDate "2023.10.10"]
[SourceQuality "1"]
[WhiteTeam "Visnja Gora Sticna"]
[BlackTeam "Postojna"]
[WhiteTeamCountry "SLO"]
[BlackTeamCountry "SLO"]

1. e4 e5 2. Nf3 Nc6 3. Bc4 Bc5 4. d3 h6 5. 0-0 Nf6 6. Nc3 0-0 7. h3 d6 8. Na4 Bb6 9. Nxb6 axb6 10. Be3 Be6 11. Bb3 d5 12. exd5 Nxd5 13. Qc1 Re8 14. a3 Qf6 15. Nh2 Qg6 16. Kh1 Nd4 17. Bxd5 Bxd5 18. f3 Nf5 19. Bf2 Re6 20. Re1 Ng3+ 21. Bxg3 Qxg3 22. Re2 Rg6 23. Qe1 Qg5 24. Qf2 c5 25. Rae1 f6 26. Ng4 c4 27. Ne3 Be6 28. Nxc4 b5 29. Nd6 Rd8 30. Nxb5 Rd5 31. Nc7 Rd6 32. Nxe6 Rxe6 33. Re4 f5 34. f4 Qd8 35. Rxe5 Rxe5 36. Rxe5 Qf6 37. c3 Qd6 38. Qd4 Qc6 39. Qd5+ Qxd5 40. Rxd5 Kf7 41. Rxf5+ Ke6 42. Rb5 Rg3 43. d4 Rd3 44. Kh2 Kf6 45. h4 Kg6 46. g3 Re3 47. Kh3 Kf6 48. Kg4 Re6 49. Rxb7 g6 50. Kf3 g5 51. d5 Rd6 52. c4 gxf4 53. Kxf4 h5 54. Rh7 Rb6 55. Rh6+ Kg7 56. Rxb6 Kf7 57. Kf5 Kg7 58. Rb7+ Kh6 59. Ke6 Kg6 60. d6 Kh6 61. d7 Kh7 62. d8Q+ Kh6 63. Qh8+ Kg6 64. Qg7# 1-0

[Event "SLO-chT3 West"]
[Site "Komenda"]
[Date "2017.12.10"]
[Round "4.2"]
[White "Sotirov, Pavle"]
[Black "Kobe, Uros"]
[Result "0-1"]
[WhiteElo "1764"]
[BlackElo "2056"]
[PlyCount "78"]
[EventDate "2017.12.08"]
[EventType "team-swiss"]
[EventRounds "5"]
[EventCountry "SLO"]
[SourceTitle "EXT 2019"]
[Source "ChessBase"]
[SourceDate "2018.10.10"]
[SourceVersion "1"]
[SourceVersionDate "2018.10.10"]
[SourceQuality "1"]
[WhiteTeam "Visnja Gora Sticna"]
[BlackTeam "Kolpi Stari Trg"]
[WhiteTeamCountry "SLO"]
[BlackTeamCountry "SLO"]

1. e4 e6 2. Nf3 d5 3. exd5 exd5 4. d4 Bd6 5. Bd3 Bg4 6. h3 Bh5 7. Nc3 c6 8. Be3 Nd7 9. a3 Qb6 10. Rb1 Ne7 11. Be2 0-0 12. 0-0 Bxf3 13. Bxf3 Nf5 14. Qd2 Rae8 15. Rfe1 Nxe3 16. fxe3 f5 17. Ne2 Bb8 18. g3 Qc7 19. Kf2 g5 20. Rg1 Nf6 21. e4 Nxe4+ 22. Bxe4 fxe4+ 23. Ke1 Qg7 24. Kd1 Rf2 25. c3 Qg6 26. Kc1 Ref8 27. b4 R8f3 28. Qe1 Qf6 29. Kb2 Re3 30. Kb3 Rexe2 31. Qc1 Rf3 32. h4 Ree3 33. hxg5 Rxc3+ 34. Qxc3 Rxc3+ 35. Kxc3 Qf3+ 36. Kb2 Qf2+ 37. Kb3 Qxd4 38. Rbc1 Be5 39. Rg2 Qd3+ 0-1

[Event "SLO-chT3 West"]
[Site "Komenda"]
[Date "2017.12.09"]
[Round "2.3"]
[White "Marinsek, Denis"]
[Black "Sotirov, Pavle"]
[Result "1-0"]
[WhiteElo "1666"]
[BlackElo "1764"]
[PlyCount "73"]
[EventDate "2017.12.08"]
[EventType "team-swiss"]
[EventRounds "5"]
[EventCountry "SLO"]
[SourceTitle "EXT 2019"]
[Source "ChessBase"]
[SourceDate "2018.10.10"]
[SourceVersion "1"]
[SourceVersionDate "2018.10.10"]
[SourceQuality "1"]
[WhiteTeam "Vrhnika II"]
[BlackTeam "Visnja Gora Sticna"]
[WhiteTeamCountry "SLO"]
[BlackTeamCountry "SLO"]

1. d4 Nf6 2. c4 d5 3. Nc3 e6 4. Nf3 h6 5. e3 c6 6. Qc2 Nbd7 7. b3 Bb4 8. Bd2 Qe7 9. Bd3 e5 10. dxe5 Nxe5 11. Nxe5 Qxe5 12. 0-0 0-0 13. a3 Ba5 14. f4 Qe8 15. Rae1 Bxc3 16. Bxc3 Ne4 17. Ba1 Bf5 18. Qb2 f6 19. h3 Ng3 20. Bxf5 Nxf5 21. g4 Nd6 22. cxd5 c5 23. e4 Qg6 24. e5 fxe5 25. fxe5 Nf7 26. e6 Ng5 27. Re3 Nxh3+ 28. Rxh3 Qxg4+ 29. Qg2 Rxf1+ 30. Kxf1 Qd1+ 31. Kf2 Rf8+ 32. Rf3 Rxf3+ 33. Qxf3 Qxa1 34. e7 Qd4+ 35. Kg2 Qe5 36. Qf8+ Kh7 37. e8Q 1-0

[Event "Ljubljana-chT 70th"]
[Site "Ljubljana"]
[Date "2017.01.26"]
[Round "3.3"]
[White "Sotirov, Pavle"]
[Black "Bajo, Tin"]
[Result "1/2-1/2"]
[WhiteElo "1786"]
[BlackElo "1809"]
[PlyCount "100"]
[EventDate "2017.01.12"]
[EventType "team-tourn"]
[EventRounds "9"]
[EventCountry "SLO"]
[SourceTitle "EXT 2019"]
[Source "ChessBase"]
[SourceDate "2018.10.10"]
[SourceVersion "1"]
[SourceVersionDate "2018.10.10"]
[SourceQuality "1"]
[WhiteTeam "Visnja Gora Sticna"]
[BlackTeam "Kocevje"]
[WhiteTeamCountry "SLO"]
[BlackTeamCountry "SLO"]

1. e4 e5 2. Nf3 Nc6 3. Bc4 Bc5 4. d3 d6 5. h3 h6 6. Nc3 Nf6 7. Bd2 Na5 8. Bb3 Nxb3 9. axb3 a6 10. Qc1 c6 11. Be3 Bb6 12. Bxb6 Qxb6 13. Ne2 Be6 14. Qd2 0-0-0 15. Qa5 Kc7 16. Qxb6+ Kxb6 17. c4 Nd7 18. 0-0-0 f5 19. Nc3 fxe4 20. dxe4 Nf6 21. Rd2 Nh5 22. Ne2 g5 23. Rhd1 Kc7 24. Nh2 Rhf8 25. f3 Nf4 26. Nxf4 gxf4 27. Re2 a5 28. Kc2 Rg8 29. Kc3 Rg6 30. Rdd2 c5 31. Rd1 Rdg8 32. Rdd2 Kc6 33. Rf2 h5 34. Rfe2 Bf7 35. Nf1 b5 36. Rf2 bxc4 37. bxc4 a4 38. Rc2 Rb8 39. Nd2 Rb4 40. Re2 Rg8 41. Rf2 Be6 42. h4 Ra8 43. Rf1 Ra7 44. Re1 Rab7 45. Rf1 Rb8 46. Re1 Ra8 47. Rf1 Rg8 48. Rf2 Ra8 49. Rf1 Rg8 50. Rf2 Ra8 1/2-1/2

[Event "Ljubljana-chT 70th"]
[Site "Ljubljana"]
[Date "2017.01.12"]
[Round "1.4"]
[White "Juhant, Igor"]
[Black "Sotirov, Pavle"]
[Result "1-0"]
[WhiteElo "1974"]
[BlackElo "1786"]
[PlyCount "55"]
[EventDate "2017.01.12"]
[EventType "team-tourn"]
[EventRounds "9"]
[EventCountry "SLO"]
[SourceTitle "EXT 2019"]
[Source "ChessBase"]
[SourceDate "2018.10.10"]
[SourceVersion "1"]
[SourceVersionDate "2018.10.10"]
[SourceQuality "1"]
[WhiteTeam "Komenda Popotnik"]
[BlackTeam "Visnja Gora Sticna"]
[WhiteTeamCountry "SLO"]
[BlackTeamCountry "SLO"]

1. e4 e5 2. Nc3 Nc6 3. f4 d6 4. Nf3 a6 5. Be2 Nf6 6. 0-0 Be7 7. d4 exd4 8. Nxd4 Bd7 9. Be3 Qc8 10. Nxc6 Bxc6 11. e5 Ne4 12. Nd5 Qd8 13. Bf3 Nc5 14. Bxc5 dxc5 15. c4 0-0 16. Qc2 Re8 17. Rad1 Qc8 18. Be4 g6 19. f5 Bxd5 20. cxd5 Bf8 21. e6 g5 22. f6 Kh8 23. Bf5 Qd8 24. Qc3 Qd6 25. Qh3 h6 26. e7 Rxe7 27. fxe7 Qxe7 28. Bc2 1-0

[Event "SLO-chT3 West"]
[Site "Otocec"]
[Date "2016.11.26"]
[Round "2"]
[White "Sotirov, Pavle"]
[Black "Kosanovic, Milan"]
[Result "0-1"]
[WhiteElo "1807"]
[BlackElo "1639"]
[PlyCount "190"]
[EventDate "2016.11.25"]
[EventType "team-tourn"]
[EventRounds "5"]
[EventCountry "SLO"]
[SourceTitle "EXT 2022"]
[Source "ChessBase"]
[SourceDate "2021.10.06"]
[SourceVersion "1"]
[SourceVersionDate "2021.10.06"]
[SourceQuality "1"]

1. d4 Nf6 2. Nf3 d5 3. h3 e6 4. Bg5 Be7 5. e3 0-0 6. Bd3 Nbd7 7. c3 h6 8. Bh4 c5 9. Nbd2 b6 10. Rc1 Bb7 11. Bb1 Nh7 12. Qc2 f5 13. Bg3 Ng5 14. Ne5 Nxe5 15. Bxe5 Bd6 16. 0-0 Bxe5 17. dxe5 Ne4 18. Nf3 Qe8 19. Qd1 Qg6 20. Kh2 Rad8 21. Qe2 Rd7 22. g3 Qh5 23. Bd3 c4 24. Bb1 g5 25. Nd4 g4 26. h4 Qf7 27. f3 gxf3 28. Rxf3 Re7 29. Rcf1 Qg7 30. Bxe4 dxe4 31. Rf4 Qxe5 32. Qxc4 Bd5 33. Qe2 Rg7 34. c4 Bb7 35. Qf2 Rf6 36. b3 Rfg6 37. Rg1 Qf6 38. Rg2 Bc8 39. h5 Rg5 40. Rh4 e5 41. Ne2 Qf7 42. Nc3 Rxh5 43. Nd5 Rgg5 44. Kg1 Be6 45. Rxh5 Rxh5 46. g4 Rg5 47. gxf5 Bxd5 48. Rxg5+ hxg5 49. cxd5 Qxd5 50. Qc2 Kf7 51. Qc8 Qd1+ 52. Kg2 Qd2+ 53. Kf1 Qd3+ 54. Kf2 Qd2+ 55. Kf1 Qd6 56. Qc4+ Kf6 57. Qxe4 Qd1+ 58. Kf2 Qd2+ 59. Kf1 Qd7 60. Ke2 Qxf5 61. Qc6+ Qe6 62. Qf3+ Kg6 63. Qe4+ Qf5 64. Qc6+ Qf6 65. Qe4+ Kg7 66. Qb7+ Qf7 67. Qe4 Qh5+ 68. Kd2 g4 69. Qb7+ Qf7 70. Qe4 Qd7+ 71. Ke2 Kf6 72. a4 Qf5 73. Qd5 Qc2+ 74. Ke1 Qc7 75. Kf2 Qc1 76. Kg2 Qxe3 77. Qd6+ Kf5 78. Qd7+ Kf4 79. Qf7+ Ke4 80. Qc4+ Qd4 81. Qe6 Qd2+ 82. Kf1 Qd1+ 83. Kf2 Qf3+ 84. Kg1 Kf4 85. Qf6+ Ke4 86. Qc6+ Ke3 87. Qc1+ Kd3 88. Qc4+ Kd2 89. Qb4+ Kc2 90. Qc4+ Kb2 91. b4 g3 92. Qf1 Qxf1+ 93. Kxf1 e4 94. Kg2 Kc3 95. b5 e3 0-1

[Event "SLO-chT3 West"]
[Site "Otocec"]
[Date "2016.11.25"]
[Round "1"]
[White "Baric, Dusan"]
[Black "Sotirov, Pavle"]
[Result "1-0"]
[WhiteElo "2088"]
[BlackElo "1807"]
[PlyCount "93"]
[EventDate "2016.11.25"]
[EventType "team-tourn"]
[EventRounds "5"]
[EventCountry "SLO"]
[SourceTitle "EXT 2022"]
[Source "ChessBase"]
[SourceDate "2021.10.06"]
[SourceVersion "1"]
[SourceVersionDate "2021.10.06"]
[SourceQuality "1"]

1. e4 e5 2. Nf3 Nc6 3. Bb5 Bc5 4. c3 d6 5. d4 exd4 6. cxd4 Bb4+ 7. Bd2 Bxd2+ 8. Nbxd2 Bd7 9. 0-0 Nge7 10. Rc1 0-0 11. Ba4 Bg4 12. Qb3 Rb8 13. Qc3 Rc8 14. d5 Nb8 15. b4 Ng6 16. Qe3 a6 17. Rc3 Nd7 18. Rfc1 Nb6 19. Bb3 Qe7 20. Nd4 Rfe8 21. a4 Na8 22. a5 Bd7 23. Bc4 Ne5 24. Be2 c5 25. bxc5 Rxc5 26. Rxc5 dxc5 27. N4b3 c4 28. Bxc4 Rc8 29. Qd4 Nxc4 30. Rxc4 Rxc4 31. Qxc4 Qd8 32. e5 Bb5 33. Qc5 Nc7 34. d6 Ne6 35. Qb6 Qc8 36. h3 h6 37. Nf3 Qc3 38. Nbd2 Bc6 39. Kh2 Kh7 40. Qb1+ Kg8 41. Qb6 Kh7 42. Qe3 Qxa5 43. Nd4 Qd5 44. Nxc6 Qxc6 45. Ne4 b5 46. Qd3 Qd7 47. Nf6+ 1-0

[Event "Ljubljana-chT 68th Superliga"]
[Site "Ljubljana"]
[Date "2015.02.12"]
[Round "5.2"]
[White "Rozic, Adrijan"]
[Black "Sotirov, Pavle"]
[Result "0-1"]
[WhiteElo "2062"]
[BlackElo "1824"]
[PlyCount "84"]
[EventDate "2015.01.08"]
[EventType "team-tourn"]
[EventRounds "9"]
[EventCountry "SLO"]
[SourceTitle "EXT 2022"]
[Source "ChessBase"]
[SourceDate "2021.10.06"]
[SourceVersion "1"]
[SourceVersionDate "2021.10.06"]
[SourceQuality "1"]
[WhiteTeam "Ig"]
[BlackTeam "Visnja Gora Sticna"]
[WhiteTeamCountry "SLO"]
[BlackTeamCountry "SLO"]

1. d4 d5 2. Nf3 Nf6 3. e3 Nc6 4. c4 e6 5. Nc3 Bb4 6. Bd2 Bd7 7. Bd3 h6 8. 0-0 b6 9. Re1 dxc4 10. Bxc4 Ne7 11. e4 Bxc3 12. Bxc3 0-0 13. Ne5 Re8 14. Qd3 Bc6 15. Nxc6 Nxc6 16. Bb5 Ne7 17. Bxe8 Qxe8 18. d5 Nh7 19. dxe6 fxe6 20. Rad1 c5 21. Re3 Nc6 22. Qd7 e5 23. Qxe8+ Rxe8 24. Rd7 Nf6 25. Rd6 Nd4 26. f3 Kf7 27. Bxd4 cxd4 28. Ra3 Re7 29. Kf2 Rc7 30. f4 Nxe4+ 31. Kf3 Nxd6 32. fxe5 Nc4 33. Ra4 b5 34. Ra6 Nxe5+ 35. Ke4 Nc6 36. a3 Ke6 37. b4 Kd6 38. a4 Re7+ 39. Kf3 Kd5 40. axb5 Nxb4 41. Ra5 Kc4 42. b6 axb6 0-1

[Event "SLO-chT2 West"]
[Site "Ljubljana"]
[Date "2014.11.08"]
[Round "8.2"]
[White "Rojs, Igor"]
[Black "Sotirov, Pavle"]
[Result "1-0"]
[WhiteElo "1972"]
[BlackElo "1867"]
[PlyCount "125"]
[EventDate "2014.10.17"]
[EventType "team-tourn"]
[EventRounds "9"]
[EventCountry "SLO"]
[SourceTitle "EXT 2019"]
[Source "ChessBase"]
[SourceDate "2018.10.10"]
[SourceVersion "1"]
[SourceVersionDate "2018.10.10"]
[SourceQuality "1"]
[WhiteTeam "Trzin"]
[BlackTeam "Sticna Visnja Gora"]
[WhiteTeamCountry "SLO"]
[BlackTeamCountry "SLO"]

1. d4 Nf6 2. Bg5 h6 3. Bh4 e6 4. Nf3 Be7 5. c4 d5 6. e3 c6 7. Nc3 Nbd7 8. Bd3 dxc4 9. Bxc4 Nd5 10. Bxe7 Qxe7 11. Bd3 e5 12. Nxd5 cxd5 13. Nxe5 Nxe5 14. dxe5 Qxe5 15. Bb5+ Ke7 16. Qd2 Rd8 17. 0-0 Kf8 18. Rfd1 Be6 19. Rac1 Rac8 20. b3 b6 21. Ba6 Rxc1 22. Rxc1 g5 23. h3 Ke7 24. f4 gxf4 25. exf4 Qd6 26. Qf2 Bf5 27. Qd4 Rg8 28. Kh2 Be4 29. g3 h5 30. h4 Rg4 31. Qe5+ Qxe5 32. fxe5 Ke6 33. Bc8+ Kxe5 34. Bxg4 hxg4 35. Kg1 f5 36. Kf2 f4 37. Rd1 Bf3 38. Rg1 d4 39. Re1+ Kf5 40. Re8 fxg3+ 41. Kxg3 d3 42. Rf8+ Kg6 43. Rxf3 gxf3 44. Kxf3 Kh5 45. Ke3 d2 46. Kxd2 Kxh4 47. Kd3 Kg5 48. Kc4 a6 49. Kd5 Kf5 50. Kc6 b5 51. Kb6 b4 52. Kxa6 Ke6 53. Kb5 Kd6 54. Kxb4 Kc6 55. Ka5 Kb7 56. Kb5 Kc7 57. Ka6 Kb8 58. Kb6 Ka8 59. a4 Kb8 60. a5 Ka8 61. b4 Kb8 62. b5 Ka8 63. Kc7 1-0

[Event "SLO-chT Central Superliga 15th"]
[Site "Slovenia"]
[Date "2014.10.23"]
[Round "7.2"]
[White "Gantar, Jan"]
[Black "Sotirov, Pavle"]
[Result "1-0"]
[WhiteElo "2136"]
[BlackElo "1867"]
[PlyCount "153"]
[EventDate "2014.09.11"]
[EventType "team-tourn"]
[EventRounds "9"]
[EventCountry "SLO"]
[SourceTitle "EXT 2022"]
[Source "ChessBase"]
[SourceDate "2021.10.06"]
[SourceVersion "1"]
[SourceVersionDate "2021.10.06"]
[SourceQuality "1"]
[WhiteTeam "Komenda Popotnik"]
[BlackTeam "Visnja Gora Sticna"]
[WhiteTeamCountry "SLO"]
[BlackTeamCountry "SLO"]

1. e4 e5 2. Nf3 Nc6 3. Bc4 Bc5 4. c3 Nf6 5. d3 d6 6. Bb3 Bg4 7. h3 Bh5 8. Nbd2 a6 9. Nf1 h6 10. Ng3 Bg6 11. 0-0 0-0 12. d4 exd4 13. cxd4 Bb6 14. d5 Ne5 15. Nxe5 dxe5 16. Qf3 Bd4 17. Nf5 Bxf5 18. Qxf5 Nh7 19. Be3 Bxb2 20. Rab1 Ba3 21. Qxe5 Bd6 22. Qd4 f6 23. f4 b6 24. e5 fxe5 25. fxe5 Bc5 26. Qd3 Bxe3+ 27. Qxe3 Kh8 28. Rxf8+ Qxf8 29. Rf1 Qe7 30. Qg3 Rd8 31. Kh2 a5 32. a4 Ng5 33. Qf4 Nh7 34. Re1 Rf8 35. Qg3 Rd8 36. d6 cxd6 37. exd6 Qf8 38. Re7 Qf6 39. Re6 Qf8 40. Qe5 Nf6 41. Kg1 Kh7 42. Bc2+ Kg8 43. Re7 Re8 44. Rxe8 Nxe8 45. d7 Nf6 46. Qe6+ Kh8 47. Kh1 Nxd7 48. Qxd7 Qf1+ 49. Kh2 Qf4+ 50. Kg1 Qe3+ 51. Kf1 Qf4+ 52. Ke2 Qe5+ 53. Kd1 g6 54. Qd8+ Kg7 55. Qd7+ Kf8 56. Qd3 Qc5 57. Qxg6 Qg1+ 58. Ke2 Qc1 59. Qf6+ Ke8 60. Bd3 Kd7 61. Bb5+ Kc7 62. Qe5+ Kb7 63. Qd5+ Kb8 64. Qd8+ Kb7 65. Qd2 Qg1 66. Kf3 h5 67. Qd7+ Kb8 68. Qe8+ Kc7 69. Qxh5 Qd1+ 70. Be2 Qxa4 71. Qf7+ Kd8 72. Qd5+ Kc7 73. Qc4+ Qc6+ 74. Ke3 Kd6 75. Qxc6+ Kxc6 76. Kd4 b5 77. Bxb5+ 1-0

[Event "SLO-chT2 West"]
[Site "Ljubljana"]
[Date "2014.10.17"]
[Round "1.2"]
[White "Sotirov, Pavle"]
[Black "Luzar, Emil"]
[Result "1/2-1/2"]
[WhiteElo "1867"]
[BlackElo "2169"]
[PlyCount "62"]
[EventDate "2014.10.17"]
[EventType "team-tourn"]
[EventRounds "9"]
[EventCountry "SLO"]
[SourceTitle "EXT 2019"]
[Source "ChessBase"]
[SourceDate "2018.10.10"]
[SourceVersion "1"]
[SourceVersionDate "2018.10.10"]
[SourceQuality "1"]
[WhiteTeam "Sticna Visnja Gora"]
[BlackTeam "Dolenjske Toplice"]
[WhiteTeamCountry "SLO"]
[BlackTeamCountry "SLO"]

1. e4 c5 2. Nc3 Nc6 3. Nf3 g6 4. Bc4 Bg7 5. a3 e6 6. d3 Nge7 7. Ne2 b5 8. Ba2 a5 9. c3 b4 10. a4 bxc3 11. bxc3 d5 12. exd5 Nxd5 13. Bd2 Ba6 14. d4 cxd4 15. Nfxd4 Ne5 16. 0-0 0-0 17. Nb5 Rc8 18. Rc1 Qh4 19. Bxd5 exd5 20. Bf4 Rfd8 21. Re1 g5 22. Bg3 Qc4 23. Bxe5 Bxe5 24. Ned4 f6 25. Qg4 Bxb5 26. Qe6+ Kg7 27. Nf5+ Kg6 28. Rxe5 Qf4 29. Rce1 Bd7 30. Ne7+ Kg7 31. Nf5+ Kg6 1/2-1/2

[Event "SLO-chT Central Superliga 15th"]
[Site "Slovenia"]
[Date "2014.10.16"]
[Round "6.2"]
[White "Sotirov, Pavle"]
[Black "Lah, Emil"]
[Result "0-1"]
[WhiteElo "1867"]
[BlackElo "1986"]
[PlyCount "78"]
[EventDate "2014.09.11"]
[EventType "team-tourn"]
[EventRounds "9"]
[EventCountry "SLO"]
[SourceTitle "EXT 2022"]
[Source "ChessBase"]
[SourceDate "2021.10.06"]
[SourceVersion "1"]
[SourceVersionDate "2021.10.06"]
[SourceQuality "1"]
[WhiteTeam "Visnja Gora Sticna"]
[BlackTeam "Trzin Buscotrade"]
[WhiteTeamCountry "SLO"]
[BlackTeamCountry "SLO"]

1. e4 c5 2. Nc3 Nc6 3. Nf3 g6 4. a3 Bg7 5. Bc4 d6 6. h3 Nf6 7. d3 a6 8. Ne2 b5 9. Ba2 0-0 10. Be3 b4 11. c3 a5 12. 0-0 bxa3 13. bxa3 Ba6 14. Rb1 Rb8 15. Qc2 Qc7 16. Nf4 e5 17. Nd5 Nxd5 18. Bxd5 Ne7 19. c4 Nxd5 20. exd5 Ra8 21. Nd2 f5 22. f4 e4 23. dxe4 fxe4 24. Qxe4 Rae8 25. Qc2 Rxe3 26. f5 g5 27. Rf3 Bd4 28. Kh1 Bc8 29. Rbf1 Rxf3 30. Rxf3 Qe7 31. Nf1 Qe5 32. g4 Qe1 33. Qd2 Qxd2 34. Nxd2 Re8 35. Nb3 Re3 36. Nxd4 cxd4 37. Kg2 Ba6 38. c5 Rxf3 39. cxd6 Rb3 0-1

[Event "Ljubljana-chT 67th Superliga"]
[Site "Ljubljana"]
[Date "2014.03.20"]
[Round "8.3"]
[White "Sotirov, Pavle"]
[Black "Kosir, Franci"]
[Result "1-0"]
[WhiteElo "1845"]
[BlackElo "1928"]
[PlyCount "57"]
[EventDate "2014.01.09"]
[EventType "team-tourn"]
[EventRounds "9"]
[EventCountry "SLO"]
[SourceTitle "EXT 2022"]
[Source "ChessBase"]
[SourceDate "2021.10.06"]
[SourceVersion "1"]
[SourceVersionDate "2021.10.06"]
[SourceQuality "1"]
[WhiteTeam "Visnja Gora Sticna"]
[BlackTeam "Domzale SD"]
[WhiteTeamCountry "SLO"]
[BlackTeamCountry "SLO"]

1. e4 c6 2. Nf3 d5 3. exd5 cxd5 4. d4 Nc6 5. c3 Bg4 6. h3 Bxf3 7. Qxf3 e6 8. Bd3 Nf6 9. Bg5 Be7 10. Nd2 Qc7 11. 0-0 h6 12. Bf4 Bd6 13. Bxd6 Qxd6 14. Rfe1 0-0 15. Re3 Rab8 16. Rae1 b5 17. a3 a5 18. Nb3 b4 19. axb4 axb4 20. Nc5 Rfe8 21. Bb1 bxc3 22. bxc3 Na5 23. Qd1 Rb2 24. Nd3 Rb6 25. Ne5 Nc4 26. Rg3 Reb8 27. Bd3 Nb2 28. Qf3 Nxd3 29. Qxf6 1-0

[Event "Ljubljana-chT 67th Superliga"]
[Site "Ljubljana"]
[Date "2014.02.13"]
[Round "5.3"]
[White "Sotirov, Pavle"]
[Black "More, Erlend"]
[Result "1-0"]
[WhiteElo "1845"]
[BlackElo "1693"]
[PlyCount "109"]
[EventDate "2014.01.09"]
[EventType "team-tourn"]
[EventRounds "9"]
[EventCountry "SLO"]
[SourceTitle "EXT 2022"]
[Source "ChessBase"]
[SourceDate "2021.10.06"]
[SourceVersion "1"]
[SourceVersionDate "2021.10.06"]
[SourceQuality "1"]
[WhiteTeam "Visnja Gora Sticna"]
[BlackTeam "Komenda Pogi"]
[WhiteTeamCountry "SLO"]
[BlackTeamCountry "SLO"]

1. d4 Nf6 2. g3 c6 3. Bg2 d5 4. Nf3 Bf5 5. Nc3 e6 6. a3 Bd6 7. Bd2 Nbd7 8. Qc1 Qc7 9. Nh4 Bg6 10. Nxg6 hxg6 11. e4 dxe4 12. Nxe4 Nxe4 13. Bxe4 Nf6 14. Bf3 e5 15. dxe5 Bxe5 16. Be3 0-0 17. c3 Rfe8 18. 0-0 Rad8 19. Qc2 Nd5 20. Rfe1 Nxe3 21. Rxe3 Re7 22. b3 Rde8 23. Rd1 Bf6 24. Rxe7 Rxe7 25. a4 Qe5 26. c4 Qa5 27. Kg2 Qc3 28. Qd3 Qxd3 29. Rxd3 Kf8 30. b4 Ke8 31. a5 Rd7 32. Rxd7 Kxd7 33. b5 cxb5 34. cxb5 b6 35. a6 g5 36. Bc6+ Kd6 37. Kf3 Be5 38. Ke4 Bc3 39. f3 Bb2 40. h3 Bc3 41. Kf5 Bf6 42. f4 gxf4 43. Kxf4 Be5+ 44. Kf3 g5 45. h4 gxh4 46. gxh4 f5 47. h5 Ke6 48. Bb7 Kf6 49. Bc8 Kg5 50. h6 Kxh6 51. Bxf5 Kg7 52. Ke4 Kf6 53. Bh3 Bc7 54. Kd5 Ke7 55. Kc6 1-0

[Event "Ljubljana-chT 67th Superliga"]
[Site "Ljubljana"]
[Date "2014.01.23"]
[Round "3.4"]
[White "Trebusak, Anton"]
[Black "Sotirov, Pavle"]
[Result "1/2-1/2"]
[WhiteElo "1961"]
[BlackElo "1845"]
[PlyCount "51"]
[EventDate "2014.01.09"]
[EventType "team-tourn"]
[EventRounds "9"]
[EventCountry "SLO"]
[SourceTitle "EXT 2022"]
[Source "ChessBase"]
[SourceDate "2021.10.06"]
[SourceVersion "1"]
[SourceVersionDate "2021.10.06"]
[SourceQuality "1"]
[WhiteTeam "Komenda Popotnik"]
[BlackTeam "Visnja Gora Sticna"]
[WhiteTeamCountry "SLO"]
[BlackTeamCountry "SLO"]

1. d4 d5 2. Nf3 Nf6 3. Bf4 g6 4. c4 Bg7 5. Nc3 c6 6. e3 e6 7. Be2 dxc4 8. Bxc4 Nd5 9. Bg3 Nd7 10. 0-0 0-0 11. Rc1 N7f6 12. Qc2 Nh5 13. Be5 f6 14. Bg3 Nxg3 15. hxg3 Bd7 16. Qb3 Qb6 17. Ne4 Qxb3 18. Bxb3 b6 19. Nc3 Nxc3 20. Rxc3 Rfc8 21. e4 Kf7 22. Rfc1 Ke7 23. Ba4 b5 24. Bb3 a5 25. a4 Bf8 26. e5 1/2-1/2

[Event "SLO-chT3 West"]
[Site "Postojna"]
[Date "2013.11.23"]
[Round "3"]
[White "Cijan, Alojz"]
[Black "Sotirov, Pavle"]
[Result "1-0"]
[WhiteElo "1651"]
[BlackElo "1873"]
[PlyCount "113"]
[EventDate "2013.11.22"]
[EventType "team"]
[EventRounds "5"]
[EventCountry "SLO"]
[SourceTitle "EXT 2015"]
[Source "ChessBase"]
[SourceDate "2014.11.20"]
[SourceVersion "1"]
[SourceVersionDate "2014.11.20"]
[SourceQuality "1"]

1. e4 e5 2. c4 Nc6 3. Nc3 Nf6 4. d3 h6 5. h3 Bc5 6. a3 a6 7. Nge2 d6 8. Nd5 Nd4 9. Be3 c6 10. Nxf6+ Qxf6 11. Nxd4 Bxd4 12. Bxd4 exd4 13. Be2 Qg5 14. Bg4 Be6 15. Bf3 0-0 16. g4 Qf4 17. Bg2 Rfe8 18. Qd2 Qxd2+ 19. Kxd2 g6 20. Rhf1 Kg7 21. b4 Re7 22. Rae1 c5 23. e5 dxe5 24. Rxe5 cxb4 25. axb4 Rc7 26. f4 Rd8 27. f5 Bc8 28. f6+ Kf8 29. Rd5 Rxd5 30. Bxd5 Be6 31. Bf3 Ke8 32. h4 b5 33. cxb5 axb5 34. Ra1 Bb3 35. Rc1 Rxc1 36. Kxc1 Kd7 37. Kd2 Kd6 38. Be4 Ke5 39. Bc6 Ba4 40. Ke2 Kxf6 41. Kf3 Ke5 42. Be8 f5 43. g5 hxg5 44. hxg5 Bd1+ 45. Kg3 f4+ 46. Kh4 f3 47. Kg3 Kf5 48. Bxb5 Kxg5 49. Bc6 f2 50. Kxf2 Kf4 51. Be4 g5 52. b5 g4 53. Ke1 Bf3 54. Bxf3 Kxf3 55. Kf1 Ke3 56. b6 Kxd3 57. b7 1-0

[Event "SLO-chT3 West"]
[Site "Postojna"]
[Date "2013.11.23"]
[Round "2"]
[White "Sotirov, Pavle"]
[Black "Grein, Bogomir"]
[Result "0-1"]
[WhiteElo "1873"]
[BlackElo "1768"]
[PlyCount "118"]
[EventDate "2013.11.22"]
[EventType "team"]
[EventRounds "5"]
[EventCountry "SLO"]
[SourceTitle "EXT 2015"]
[Source "ChessBase"]
[SourceDate "2014.11.20"]
[SourceVersion "1"]
[SourceVersionDate "2014.11.20"]
[SourceQuality "1"]

1. d4 d6 2. c4 c6 3. Nc3 Qc7 4. e4 e5 5. d5 c5 6. Nf3 Bg4 7. Be2 a6 8. Bd2 Be7 9. h3 Bh5 10. Qc1 Nf6 11. Bg5 Nbd7 12. 0-0 0-0 13. Qe3 Rfe8 14. Bd3 Bf8 15. Nh2 h6 16. Bxf6 Nxf6 17. Ne2 Rab8 18. g4 Bg6 19. Ng3 b5 20. b3 Qd8 21. Rac1 Nh7 22. Nf3 Be7 23. Nf5 Bxf5 24. gxf5 Ng5 25. Kg2 Nxf3 26. Qxf3 Bg5 27. Rc2 Bf4 28. Kh1 Kh8 29. Rg1 b4 30. Rg4 Rg8 31. Re2 g5 32. Re1 Rg7 33. Reg1 Qf6 34. R4g2 h5 35. Be2 g4 36. Qd3 Qh4 37. Bxg4 hxg4 38. Rxg4 Rxg4 39. Rxg4 Qxf2 40. Rg2 Qe3 41. Qxe3 Bxe3 42. Rg4 Rg8 43. Rxg8+ Kxg8 44. Kg2 Kg7 45. Kf3 Bc1 46. Kg4 Kh6 47. Kh4 Bd2 48. Kg4 Be1 49. h4 f6 50. h5 a5 51. Kf3 Kxh5 52. Ke2 Bc3 53. Kf3 Kh4 54. Kg2 Kg4 55. Kh2 Kf3 56. Kh3 Kxe4 57. Kg4 Ke3 58. Kh5 Kf4 59. Kg6 e4 0-1